000 00355nam a2200157Ia 4500
003 OSt
005 20240219161328.0
008 170524s9999 xx 000 0 und d
020 _a9780130369970
040 _cIIMT UNIVERSITY MEERUT
100 _aLangsam V
245 0 _aDatastructure using C & C++
260 _bPHI
260 _c2007
942 _2ddc
_c02
999 _c4980
_d4980